<?xml version="1.0" encoding="UTF-8"?>
<record
    xmlns:xsi="http://www.w3.org/2001/XMLSchema-instance"
    xsi:schemaLocation="http://www.loc.gov/MARC21/slim http://www.loc.gov/standards/marcxml/schema/MARC21slim.xsd"
    xmlns="http://www.loc.gov/MARC21/slim">

  <leader>01078nam a2200229Ia 4500</leader>
  <controlfield tag="001">15221</controlfield>
  <controlfield tag="005">20260420145452.0</controlfield>
  <controlfield tag="008">260306t2006||||xx |||||||||||||| ||spa||</controlfield>
  <datafield tag="041" ind1=" " ind2=" ">
    <subfield code="a">ESP</subfield>
  </datafield>
  <datafield tag="082" ind1=" " ind2=" ">
    <subfield code="a">530.141</subfield>
    <subfield code="b">B94</subfield>
  </datafield>
  <datafield tag="100" ind1=" " ind2=" ">
    <subfield code="a">Burbano de Ercilla, Santiago</subfield>
    <subfield code="e">AUT</subfield>
  </datafield>
  <datafield tag="245" ind1=" " ind2="0">
    <subfield code="a">F&#xED;sica general:</subfield>
    <subfield code="b">electromagnetismo, electr&#xF3;nica, &#xF3;ptica, relatividad y f&#xED;sica at&#xF3;mica</subfield>
  </datafield>
  <datafield tag="260" ind1=" " ind2=" ">
    <subfield code="c">2006</subfield>
  </datafield>
  <datafield tag="300" ind1=" " ind2=" ">
    <subfield code="c">29 cm.</subfield>
  </datafield>
  <datafield tag="650" ind1=" " ind2=" ">
    <subfield code="a">GEN</subfield>
  </datafield>
  <datafield tag="654" ind1=" " ind2=" ">
    <subfield code="a">CCN</subfield>
  </datafield>
  <datafield tag="856" ind1=" " ind2=" ">
    <subfield code="u">https://itmsp.museknowledge.com/UCSP?url=https://www.ebooks7-24.com:443/?il=4088&amp;pg=1</subfield>
    <subfield code="z">V&#xE9;ase adem&#xE1;s: F&#xED;sica general, por Jos&#xE9; Mar&#xED;a De Juana. Versi&#xF3;n digital</subfield>
  </datafield>
  <datafield tag="856" ind1=" " ind2=" ">
    <subfield code="u">https://0u213x84d-y-https-ebooks7--24-com.itmsp.museknowledge.com/biblioteca.aspx</subfield>
    <subfield code="z">V&#xE9;ase adem&#xE1;s: Base de datos Ebook7-24</subfield>
  </datafield>
  <datafield tag="856" ind1=" " ind2=" ">
    <subfield code="u">https://0u20fx84j-y-https-research-ebsco-com.itmsp.museknowledge.com/c/qxo6us/search</subfield>
    <subfield code="z">V&#xE9;ase adem&#xE1;s: Base de datos EBSCOhost</subfield>
  </datafield>
  <datafield tag="856" ind1=" " ind2=" ">
    <subfield code="u">https://0u20yx84z-y-https-www-bibliotechnia-com-mx.itmsp.museknowledge.com/</subfield>
    <subfield code="z">V&#xE9;ase adem&#xE1;s: Base de datos BiblioTechnia</subfield>
  </datafield>
  <datafield tag="942" ind1=" " ind2=" ">
    <subfield code="c">LIB</subfield>
    <subfield code="d">JUS</subfield>
    <subfield code="f">JUS</subfield>
    <subfield code="2">ddc</subfield>
  </datafield>
  <datafield tag="999" ind1=" " ind2=" ">
    <subfield code="c">15221</subfield>
    <subfield code="d">15221</subfield>
  </datafield>
  <datafield tag="952" ind1=" " ind2=" ">
    <subfield code="o">530.141 B94</subfield>
    <subfield code="p">1008472</subfield>
    <subfield code="8">UCSP</subfield>
    <subfield code="t">1</subfield>
    <subfield code="7">0</subfield>
    <subfield code="5">2</subfield>
    <subfield code="b">VAB</subfield>
    <subfield code="a">VAB</subfield>
    <subfield code="c">SP</subfield>
    <subfield code="d">2026-06-03</subfield>
    <subfield code="e">6</subfield>
    <subfield code="r">2026-03-06 21:50:12</subfield>
    <subfield code="l">0</subfield>
    <subfield code="w">2026-03-06</subfield>
    <subfield code="y">LIB</subfield>
    <subfield code="1">0</subfield>
    <subfield code="2">ddc</subfield>
    <subfield code="4">0</subfield>
    <subfield code="0">0</subfield>
  </datafield>
</record>
